| 000 | 00852nam a2200121Ia 4500 | ||
|---|---|---|---|
| 008 | 220616s9999||||xx |||||||||||||| ||und|| | ||
| 100 | _aGuniss, Carolyn | ||
| 245 | 0 | _aChapter 7 The Hell That Black People Live: Trump’s Reports to Journalists on Urban Conditions | |
| 546 | _aEnglish[eng] | ||
| 650 | _aAI Cross||Brian J. Bowe||Carolyn Guniss||Douglas Kellner||Frank Durham||Fred Blevens||Geri Alumit Zeldes||Jennifer Hoewe||Katherine M. Bell||Kathleen Bartzen Culver||LaTasha DeLoach||Leon Barkho||Pam Creedon||Prashanth Bhat||Robert E. Gutsche||Robert E. Pierre||Stephen J. Heidt||US news||communication studies||journalism ethics||media literacy||media studies||persuasion||political communication||politics||propaganda||society | ||
| 856 | _uhttps://library.oapen.org/bitstream/20.500.12657/41403/1/9781138307384_oachapter7.pdf | ||
| 942 | _cEB | ||
| 999 |
_c19562 _d19562 |
||